000 00303nam a22001457a 4500
008 210311b ||||| |||| 00| 0 eng d
020 _a2900073522463
041 _aeng
080 _a37
082 _a37
100 _a25
101 _aEDU
245 _aPower Learning
_cFeldman,S.R
942 _2udc
_cBK
999 _c56323
_d56323